[Event "Woerishofen sen 2016"]
[Site "Bad Woerishofen"]
[Date "2016.02.29"]
[Round "4.57"]
[White "Schulz, Franz"]
[Black "Winter, Reinhold"]
[Result "0-1"]
[WhiteElo "1643"]
[BlackElo "1748"]
[PlyCount "108"]
[EventDate "2016.02.26"]
[EventType "swiss"]
[EventCountry "GER"]
[WhiteTeam "Ebersbach SV"]
[BlackTeam "Neuenkirchen SF"]
[WhiteTeamCountry "GER"]
[BlackTeamCountry "GER"]

1. b4 e6 2. a3 c5 3. b5 b6 4. Bb2 Nf6 5. Nf3 Bb7 6. e3 d5 7. d3 Be7 8. c4 dxc4
9. d4 O-O 10. Bxc4 Bd5 11. Nbd2 Bxc4 12. Nxc4 Qd5 13. Qb3 Nbd7 14. O-O Rfc8 15.
Rac1 Rc7 16. a4 Rac8 17. Rfd1 cxd4 18. Rxd4 Qb7 19. Nfd2 e5 20. Rd3 Nc5 21. Qc2
Nxd3 22. Qxd3 e4 23. Qb3 Qd5 24. h3 Nd7 25. Bd4 Bf6 26. Bxf6 Nxf6 27. Kf1 Nd7
28. Rc3 Nc5 29. Qc2 Nd3 30. Ke2 Ne5 31. Nxb6 Qd3+ 32. Qxd3 exd3+ 33. Rxd3 axb6
34. Rd6 Rb7 35. f4 Ng6 36. Kf3 Kf8 37. g4 Ra8 38. Rd4 Rba7 39. Rd6 Rb8 40. Nc4
Rab7 41. Ke4 Ke7 42. Kd5 Rd7 43. f5 Rxd6+ 44. Nxd6 Nf8 45. Kc6 Ra8 46. Nc4 Nd7
47. Nxb6 Nxb6 48. Kxb6 Rxa4 49. Kc7 Rc4+ 50. Kb7 Kd7 51. b6 Re4 52. Ka7 Kc6 53.
b7 Ra4+ 54. Kb8 Rb4 0-1

[Event "Woerishofen sen 2016"]
[Site "Bad Woerishofen"]
[Date "2016.02.29"]
[Round "4.58"]
[White "Rothenhagen, Siegfried"]
[Black "Hahn, Volker"]
[Result "1/2-1/2"]
[WhiteElo "1806"]
[BlackElo "1679"]
[PlyCount "70"]
[EventDate "2016.02.26"]
[EventType "swiss"]
[EventCountry "GER"]
[WhiteTeam "Windach SF"]
[BlackTeam "DBSB"]
[WhiteTeamCountry "GER"]
[BlackTeamCountry "GER"]

1. d4 Nf6 2. Bf4 d5 3. e3 e6 4. Nf3 c5 5. c3 Be7 6. Bd3 Nbd7 7. Nbd2 Qb6 8. Qb3
c4 9. Qxb6 Nxb6 10. Bc2 Bd7 11. h3 O-O 12. e4 dxe4 13. Nxe4 Nbd5 14. Nxf6+ Bxf6
15. Be5 Bc6 16. O-O Bxe5 17. Nxe5 Bb5 18. Rae1 h6 19. f4 a5 20. f5 a4 21. a3
exf5 22. Bxf5 Ra6 23. Be4 Nf6 24. Bxb7 Rb6 25. Bf3 Ba6 26. Rf2 Rfb8 27. Ree2
Rd6 28. Ng4 Nxg4 29. Bxg4 Kf8 30. Rd2 Bb7 31. Bd1 Bc6 32. Bf3 Bd7 33. Rfe2 Rg6
34. Kf1 Rf6 35. Ke1 Bxh3 1/2-1/2

[Event "Woerishofen sen 2016"]
[Site "Bad Woerishofen"]
[Date "2016.02.29"]
[Round "4.60"]
[White "Schmid, Arnold"]
[Black "Samarian, Cornel"]
[Result "1/2-1/2"]
[WhiteElo "1578"]
[BlackElo "1693"]
[PlyCount "86"]
[EventDate "2016.02.26"]
[EventType "swiss"]
[EventCountry "GER"]
[WhiteTeam "Oberbilker SV"]
[BlackTeam "Lohkirchen SC"]
[WhiteTeamCountry "GER"]
[BlackTeamCountry "GER"]

1. e4 g6 2. d4 d6 3. Nf3 Bg7 4. Bc4 e6 5. Bg5 Ne7 6. O-O O-O 7. c3 Nbc6 8. Re1
h6 9. Be3 d5 10. Bd3 dxe4 11. Bxe4 Nd5 12. Nbd2 f5 13. Bxd5 exd5 14. Bf4 Bd7
15. Qb3 b6 16. Qxd5+ Kh7 17. Qb3 Be8 18. Qc2 Bf7 19. Ne5 Nxe5 20. Bxe5 Qd7 21.
Nf3 Rae8 22. Bxg7 Kxg7 23. Ne5 Qe7 24. Qd2 Qd6 25. b3 Rd8 26. Nxf7 Rxf7 27.
Rad1 c5 28. d5 Rfd7 29. c4 Qf6 30. Re6 Qd4 31. Qxd4+ cxd4 32. Rxd4 Kf7 33. Rd3
b5 34. Rg3 bxc4 35. bxc4 Rc8 36. Rc3 Rxd5 37. Re1 Rd2 38. a3 Ra2 39. Rec1 Rd8
40. g3 Rdd2 41. Rf1 Rdc2 42. Rxc2 Rxc2 43. Rb1 a5 1/2-1/2

[Event "Woerishofen sen 2016"]
[Site "Bad Woerishofen"]
[Date "2016.02.29"]
[Round "4.61"]
[White "Engl, Heinz"]
[Black "Braeu, Ludwig"]
[Result "1/2-1/2"]
[WhiteElo "2015"]
[BlackElo "1894"]
[PlyCount "75"]
[EventDate "2016.02.26"]
[EventType "swiss"]
[EventCountry "GER"]
[WhiteTeam "Muenchen Blinden SC"]
[BlackTeam "Marktoberdorf SK"]
[WhiteTeamCountry "GER"]
[BlackTeamCountry "GER"]

1. e4 c5 2. Nc3 Nc6 3. Bc4 e6 4. f4 d6 5. Nf3 a6 6. a4 Nf6 7. d3 d5 8. exd5
exd5 9. Bb3 Be7 10. O-O Bg4 11. Ne2 O-O 12. c3 d4 13. cxd4 Nxd4 14. Nexd4 Qxd4+
15. Kh1 Rfe8 16. Qc2 Bxf3 17. Rxf3 b5 18. Be3 Qd6 19. Re1 Bf8 20. Qd2 Nd5 21.
Bf2 Rxe1+ 22. Bxe1 Re8 23. Bg3 Nb4 24. f5 Qd4 25. Bf2 Qd6 26. axb5 axb5 27. Bd1
Nc6 28. Bg3 Qd5 29. f6 Nd4 30. fxg7 Bd6 31. Re3 Rxe3 32. Qxe3 Bxg3 33. hxg3 Qe6
34. Qf2 Kxg7 35. Bf3 Qh6+ 36. Kg1 Qc1+ 37. Kh2 Qh6+ 38. Kg1 1/2-1/2

[Event "Woerishofen sen 2016"]
[Site "Bad Woerishofen"]
[Date "2016.02.29"]
[Round "4.62"]
[White "Thonig, Manfred"]
[Black "Aust, Werner"]
[Result "1-0"]
[WhiteElo "1660"]
[BlackElo "1786"]
[PlyCount "87"]
[EventDate "2016.02.26"]
[EventType "swiss"]
[EventCountry "GER"]
[WhiteTeam "Starnberg SC"]
[BlackTeam "Eichlinghofen SV"]
[WhiteTeamCountry "GER"]
[BlackTeamCountry "GER"]

1. f4 e5 2. fxe5 d6 3. exd6 Bxd6 4. Nf3 Bg4 5. e3 Nf6 6. Be2 Nc6 7. O-O Qd7 8.
Nc3 a6 9. d4 O-O-O 10. a3 h5 11. b4 Na7 12. Rb1 Qc6 13. Bb2 h4 14. d5 Qe8 15.
Bc1 Bxf3 16. Rxf3 Qe5 17. Rh3 Kb8 18. Bb2 Qg5 19. e4 Be5 20. Bc1 Qg6 21. Qd3
Bxc3 22. Qxc3 Nxe4 23. Qc4 Nd6 24. Qd3 f5 25. Be3 Qf7 26. c4 Ne4 27. Rf1 g6 28.
Bxa7+ Kxa7 29. Qxe4 Rde8 30. Qd4+ Kb8 31. Bd3 Qe7 32. c5 Rh7 33. d6 Qd8 34.
dxc7+ Qxc7 35. g3 Rd8 36. Qe3 Ka8 37. Rxh4 Re7 38. Qf3 Qe5 39. c6 Qc3 40. cxb7+
Rxb7 41. Be2 Qf6 42. Rh7 Qb6+ 43. Kg2 Rd2 44. Re1 1-0

[Event "Woerishofen sen 2016"]
[Site "Bad Woerishofen"]
[Date "2016.02.29"]
[Round "4.63"]
[White "Schlemminger, Degenhard"]
[Black "Traversi, Carlo"]
[Result "1-0"]
[WhiteElo "1678"]
[BlackElo "1572"]
[PlyCount "109"]
[EventDate "2016.02.26"]
[EventType "swiss"]
[EventCountry "GER"]
[WhiteTeam "Reutlingen SV"]
[BlackTeam "ITA"]
[WhiteTeamCountry "GER"]
[BlackTeamCountry "ITA"]

1. e4 Nc6 2. Nf3 e5 3. Bc4 Be7 4. Nc3 Nf6 5. d3 O-O 6. Bg5 d6 7. Bxf6 Bxf6 8.
Nd5 Bg4 9. h3 Bd7 10. Qd2 a6 11. a3 Na7 12. O-O c6 13. Nxf6+ Qxf6 14. Qg5 Qxg5
15. Nxg5 Nb5 16. c3 h6 17. Nf3 Rae8 18. Nd2 Nc7 19. f4 exf4 20. Rxf4 d5 21.
exd5 Nxd5 22. Bxd5 cxd5 23. Kf2 Bb5 24. Rd4 Bc6 25. b4 Re6 26. Re1 Rfe8 27. Nf3
Rxe1 28. Nxe1 f6 29. Nf3 Kf7 30. g4 g5 31. Nd2 Kg6 32. Nf1 f5 33. gxf5+ Kxf5
34. Ne3+ Kg6 35. Nxd5 Rf8+ 36. Kg3 Kh5 37. c4 b5 38. Re4 Rf5 39. Rd4 Rf1 40.
Kh2 Ra1 41. Kg3 Rxa3 42. Nf6+ Kg6 43. Rd6 Bb7 44. Ng4+ Kg7 45. Rd7+ Kg6 46.
Rxb7 Rxd3+ 47. Kg2 Rd2+ 48. Kf3 bxc4 49. Ne5+ Kh5 50. Nxc4 Rd3+ 51. Kg2 Rb3 52.
Rb6 Rc3 53. Ne5 Rb3 54. Nf7 g4 55. Rxh6# 1-0

[Event "Woerishofen sen 2016"]
[Site "Bad Woerishofen"]
[Date "2016.02.29"]
[Round "4.64"]
[White "Wraga, Hermann"]
[Black "Hartlaub, Marianne"]
[Result "1-0"]
[WhiteElo "1667"]
[BlackElo "1541"]
[PlyCount "111"]
[EventDate "2016.02.26"]
[EventType "swiss"]
[EventCountry "GER"]
[WhiteTeam "Osnabrueck SG"]
[BlackTeam "Klingenberg SK"]
[WhiteTeamCountry "GER"]
[BlackTeamCountry "GER"]

1. e4 d6 2. d3 e5 3. g3 Nf6 4. h3 Be7 5. Nf3 h6 6. Bg2 O-O 7. O-O c6 8. Nbd2 b5
9. c3 Nbd7 10. Qc2 a5 11. Re1 Nb6 12. d4 Nh7 13. dxe5 Ng5 14. Nxg5 Bxg5 15.
exd6 Qxd6 16. e5 Qe6 17. Nf3 Bxc1 18. Rexc1 Nd5 19. Re1 c5 20. a3 Bd7 21. Rad1
Rad8 22. c4 bxc4 23. Qxc4 Bc6 24. Qxc5 Ba4 25. Rd2 Qb6 26. Rxd5 Qxb2 27. Rxd8
Rxd8 28. Qc1 Qb6 29. Qe3 Qc7 30. e6 fxe6 31. Qxe6+ Kh8 32. Qe5 Qa7 33. Qe3 Qa6
34. Bf1 Qc8 35. Rc1 Qf5 36. Nh4 Qd7 37. Qc3 Qd5 38. Qc4 Bb3 39. Qxd5 Rxd5 40.
Ng6+ Kh7 41. Nf4 Rd2 42. Bd3+ Kg8 43. Bc4+ Bxc4 44. Rxc4 Ra2 45. Rc3 g5 46. Nd3
Kf7 47. Kg2 h5 48. Kf3 Ke6 49. Ke4 Kd6 50. f4 gxf4 51. Nxf4 Rh2 52. Re3 Rh1 53.
h4 Rc1 54. Nxh5 Rc4+ 55. Kf3 Rc5 56. Ng7 1-0

[Event "Woerishofen sen 2016"]
[Site "Bad Woerishofen"]
[Date "2016.02.29"]
[Round "4.66"]
[White "Jurgan, Brigitte"]
[Black "Reichwald, Klaus"]
[Result "0-1"]
[WhiteElo "1476"]
[BlackElo "1852"]
[PlyCount "106"]
[EventDate "2016.02.26"]
[EventType "swiss"]
[EventCountry "GER"]
[WhiteTeam "Grassau ASV"]
[BlackTeam "Lohhof SC"]
[WhiteTeamCountry "GER"]
[BlackTeamCountry "GER"]

1. d4 Nf6 2. Nf3 g6 3. g3 Bg7 4. c3 d6 5. Bg2 O-O 6. O-O Nbd7 7. Bg5 h6 8. Bxf6
Nxf6 9. Nbd2 d5 10. Re1 Bf5 11. Nh4 Bd7 12. e4 e6 13. e5 Nh7 14. Nhf3 Rc8 15.
a4 c5 16. Nb3 b6 17. Bf1 Qe8 18. a5 Ba4 19. dxc5 bxc5 20. c4 d4 21. Qd3 Bd7 22.
Nbd2 a6 23. Ne4 Qe7 24. b3 Rb8 25. Reb1 Rb4 26. Qd1 Rfb8 27. Bd3 Bc6 28. Ned2
Qb7 29. Ra3 Nf8 30. Qe2 Nd7 31. Be4 Qc7 32. Bxc6 Qxc6 33. Rd1 Qc7 34. Kf1 Qc6
35. Qe4 Qc7 36. Qe2 g5 37. h3 Rc8 38. Kg2 Nf8 39. g4 Ng6 40. Qe4 Nf4+ 41. Kg3
Rd8 42. h4 Qe7 43. h5 Qc7 44. Rb1 d3 45. Re1 Ne2+ 46. Rxe2 dxe2 47. Qxe2 f5 48.
Kh3 Qf7 49. Kg3 fxg4 50. Nh2 Qf4+ 51. Kg2 Rxd2 52. Qxg4 Rxf2+ 53. Kh3 Rxh2# 0-1

[Event "Woerishofen sen 2016"]
[Site "Bad Woerishofen"]
[Date "2016.02.29"]
[Round "4.68"]
[White "Buss, Richard"]
[Black "Dittmann, Heinz"]
[Result "1/2-1/2"]
[WhiteElo "1657"]
[BlackElo "1565"]
[PlyCount "76"]
[EventDate "2016.02.26"]
[EventType "swiss"]
[EventCountry "GER"]
[WhiteTeam "Heisfelde VfR"]
[BlackTeam "Nettetal SG"]
[WhiteTeamCountry "GER"]
[BlackTeamCountry "GER"]

1. e4 c5 2. Nf3 d6 3. d4 cxd4 4. Nxd4 Nf6 5. Nc3 a6 6. a4 Nc6 7. Nf3 g6 8. Be2
Qc7 9. O-O Bg7 10. Be3 O-O 11. Nd5 Nxd5 12. exd5 Ne5 13. c3 Nc4 14. Bxc4 Qxc4
15. Re1 b5 16. axb5 Qxb5 17. Re2 Bg4 18. Rd2 Qb7 19. h3 Bd7 20. Qc1 Rfd8 21. b4
e6 22. dxe6 Bxe6 23. Ne1 Rac8 24. Ra3 Qxb4 25. Nd3 Qc4 26. Nb2 Qc6 27. Nd1 d5
28. Qb2 Rb8 29. Qa1 Ra8 30. Bd4 Bxd4 31. Rxd4 Re8 32. Ne3 a5 33. Rda4 Red8 34.
Rxa5 Rxa5 35. Rxa5 Qb7 36. Ra3 h6 37. Nc2 Kh7 38. Nd4 Qe7 1/2-1/2

[Event "Woerishofen sen 2016"]
[Site "Bad Woerishofen"]
[Date "2016.02.29"]
[Round "4.69"]
[White "Walther, Renate"]
[Black "Braeu, Emmi"]
[Result "0-1"]
[WhiteElo "1232"]
[BlackElo "1624"]
[PlyCount "88"]
[EventDate "2016.02.26"]
[EventType "swiss"]
[EventCountry "GER"]
[WhiteTeam "Herzogenaurach SK"]
[BlackTeam "Marktoberdorf SK"]
[WhiteTeamCountry "GER"]
[BlackTeamCountry "GER"]

1. e4 c5 2. Nf3 Nc6 3. d4 cxd4 4. Nxd4 Nf6 5. Nc3 g6 6. Be3 Bg7 7. Bc4 O-O 8.
O-O a6 9. Bb3 b5 10. Nxc6 dxc6 11. Qxd8 Rxd8 12. Rad1 Bb7 13. Rxd8+ Rxd8 14.
Bc5 e6 15. f3 Rd7 16. Rd1 a5 17. a3 Rxd1+ 18. Nxd1 Nd7 19. Bd6 Bd4+ 20. Kf1 Ba6
21. Ke1 c5 22. c3 Be5 23. Bxe5 Nxe5 24. Bc2 b4 25. a4 c4 26. b3 Kf8 27. Ke2
cxb3+ 28. Kd2 bxc3+ 29. Kxc3 bxc2 30. Kxc2 Ke7 31. Kc3 Kd6 32. Kd4 Nc6+ 33. Ke3
Kc5 34. Nc3 Kb4 35. Kd2 f6 36. g3 Ne5 37. f4 Nf3+ 38. Ke3 Nxh2 39. Kd4 Ng4 40.
Nd5+ exd5 41. exd5 Bc4 42. d6 Be6 43. Ke4 Kxa4 44. Kd4 Kb3 0-1

[Event "Woerishofen sen 2016"]
[Site "Bad Woerishofen"]
[Date "2016.03.01"]
[Round "5.1"]
[White "Frick, Christoph"]
[Black "Kozlov, Alexander"]
[Result "1-0"]
[WhiteElo "2224"]
[BlackElo "2153"]
[PlyCount "113"]
[EventDate "2016.02.26"]
[EventType "swiss"]
[EventCountry "GER"]
[WhiteTeam "Bebenhausen SK"]
[BlackTeam "Stuttgarter SF"]
[WhiteTeamCountry "GER"]
[BlackTeamCountry "GER"]

1. d4 Nf6 2. Bf4 e6 3. e3 b6 4. Nf3 Bb7 5. Nbd2 c5 6. c3 Be7 7. h3 O-O 8. Bd3
d5 9. Ne5 Nc6 10. Qf3 Nxe5 11. dxe5 Ne8 12. O-O-O f6 13. Qg3 fxe5 14. Bxe5 Bd6
15. Nf3 Bxe5 16. Nxe5 Nf6 17. f4 Nd7 18. Nf3 Qe7 19. Rhe1 c4 20. Bc2 Nc5 21.
Ng5 h6 22. Nf3 b5 23. Ne5 Qe8 24. Qh4 Nd7 25. Nf3 Qd8 26. Qh5 Nf6 27. Qe5 Qe7
28. Nd4 Rae8 29. Nxb5 Nd7 30. Qd6 a6 31. Qxe7 Rxe7 32. Nd4 Nc5 33. Nf3 Nd7 34.
Nh4 Rf6 35. g4 g5 36. Ng6 Rg7 37. f5 exf5 38. gxf5 Nc5 39. e4 Rgxg6 40. e5 Rxf5
41. Bxf5 Rg7 42. Bc2 Re7 43. b3 Ne4 44. Bxe4 dxe4 45. bxc4 Rxe5 46. Rd8+ Kf7
47. Rd7+ Re7 48. Rxe7+ Kxe7 49. Kd2 Kf6 50. Ke3 Bc8 51. Rb1 h5 52. Rb6+ Ke5 53.
Rg6 g4 54. h4 Be6 55. Rg5+ Kd6 56. Rxh5 Bxc4 57. a3 1-0

[Event "Woerishofen sen 2016"]
[Site "Bad Woerishofen"]
[Date "2016.03.01"]
[Round "5.2"]
[White "Bhend, Edwin"]
[Black "Haubt, Georg"]
[Result "1/2-1/2"]
[WhiteElo "2188"]
[BlackElo "2125"]
[PlyCount "116"]
[EventDate "2016.02.26"]
[EventType "swiss"]
[EventCountry "GER"]
[WhiteTeam "SUI"]
[BlackTeam "Oberursel SV"]
[WhiteTeamCountry "SUI"]
[BlackTeamCountry "GER"]

1. d4 Nf6 2. Nc3 d5 3. Bg5 Nbd7 4. e3 h6 5. Bh4 e6 6. a3 c5 7. Nf3 Qa5 8. Nd2
cxd4 9. exd4 a6 10. Bd3 Bd6 11. O-O O-O 12. Nf3 b5 13. Bg3 Qc7 14. Re1 Nh5 15.
Bxd6 Qxd6 16. Ne5 Nf4 17. Bf1 Nxe5 18. Rxe5 Bd7 19. g3 Ng6 20. Re1 b4 21. Ne2
a5 22. a4 Rac8 23. Nc1 e5 24. Nb3 Bf5 25. Bd3 Bxd3 26. cxd3 exd4 27. Nxa5 f5
28. Rc1 Ne5 29. Rxc8 Rxc8 30. Kg2 f4 31. f3 fxg3 32. hxg3 Qf6 33. f4 Ng6 34.
Qg4 Rc2+ 35. Re2 Rxe2+ 36. Qxe2 Ne7 37. Qe5 Qxe5 38. fxe5 Kf7 39. Nb3 Ke6 40.
Nxd4+ Kxe5 41. Nb3 Kd6 42. Kf3 Nc6 43. d4 Ne7 44. Kf4 g5+ 45. Kg4 Kc6 46. Kh5
Nf5 47. g4 Ne3 48. Kxh6 Nxg4+ 49. Kxg5 Ne3 50. Nc1 Nc2 51. b3 Nxd4 52. Kf4 Ne6+
53. Ke3 Nc5 54. Kd4 Kd6 55. Ke3 Kc6 56. Kd2 Kb6 57. Kc2 Ka5 58. Nd3 Nxa4
1/2-1/2

[Event "Woerishofen sen 2016"]
[Site "Bad Woerishofen"]
[Date "2016.03.01"]
[Round "5.3"]
[White "Pfitzer, Norbert"]
[Black "Okrajek, Alexander"]
[Result "0-1"]
[WhiteElo "2034"]
[BlackElo "2224"]
[PlyCount "58"]
[EventDate "2016.02.26"]
[EventType "swiss"]
[EventCountry "GER"]
[WhiteTeam "Aalen Ellwangen SV"]
[BlackTeam "Siegburg SC"]
[WhiteTeamCountry "GER"]
[BlackTeamCountry "GER"]

1. d4 Nf6 2. c4 d6 3. Nf3 g6 4. Nc3 Nbd7 5. Qa4 Bg7 6. g3 O-O 7. Bg2 c6 8. Qc2
e5 9. O-O Re8 10. Rd1 exd4 11. Rxd4 Qe7 12. Bf4 Ne5 13. Rad1 Nh5 14. Bxe5 dxe5
15. R4d2 e4 16. Nd4 e3 17. fxe3 Qxe3+ 18. Kh1 Nf6 19. Rd3 Qh6 20. Qd2 Ng4 21.
Qxh6 Bxh6 22. Rf1 Ne3 23. Rf2 Nxc4 24. Ne4 Re7 25. Nf6+ Kg7 26. Nxc6 bxc6 27.
Bxc6 Bb7 28. Bxb7 Rxb7 29. b3 Ne5 0-1

[Event "Woerishofen sen 2016"]
[Site "Bad Woerishofen"]
[Date "2016.03.01"]
[Round "5.4"]
[White "Hoeschele, Hans Ulrich"]
[Black "Kelchner, Hans"]
[Result "1/2-1/2"]
[WhiteElo "1979"]
[BlackElo "2157"]
[PlyCount "48"]
[EventDate "2016.02.26"]
[EventType "swiss"]
[EventCountry "GER"]
[WhiteTeam "Stuttgarter SF"]
[BlackTeam "Ludwigshafen SK"]
[WhiteTeamCountry "GER"]
[BlackTeamCountry "GER"]

1. b3 e5 2. Bb2 Nc6 3. d3 d5 4. Nf3 Bd6 5. Nbd2 Nf6 6. e3 O-O 7. Be2 h6 8. c4
dxc4 9. Nxc4 Bb4+ 10. Kf1 e4 11. Nd4 Nxd4 12. Bxd4 Bf5 13. a3 Be7 14. dxe4 Bxe4
15. f3 Bd5 16. Kf2 c5 17. Bc3 b6 18. Qc2 Bxc4 19. bxc4 Qc7 20. Rad1 Rfd8 21. g3
Ne8 22. Rd5 Bf6 23. Rhd1 Bxc3 24. Qxc3 Nf6 1/2-1/2

[Event "Woerishofen sen 2016"]
[Site "Bad Woerishofen"]
[Date "2016.03.01"]
[Round "5.5"]
[White "Witte, Manfred"]
[Black "Sand, Rolf"]
[Result "1/2-1/2"]
[WhiteElo "2210"]
[BlackElo "2032"]
[PlyCount "25"]
[EventDate "2016.02.26"]
[EventType "swiss"]
[EventCountry "GER"]
[WhiteTeam "Hermsdorf VfB"]
[BlackTeam "Tuebingen SV"]
[WhiteTeamCountry "GER"]
[BlackTeamCountry "GER"]

1. e4 c5 2. c3 d5 3. exd5 Nf6 4. d4 Nxd5 5. Nf3 cxd4 6. Nxd4 Nc6 7. Be2 e5 8.
Nxc6 bxc6 9. O-O Be7 10. Nd2 O-O 11. Nc4 Qc7 12. Qc2 Be6 13. Re1 1/2-1/2

[Event "Woerishofen sen 2016"]
[Site "Bad Woerishofen"]
[Date "2016.03.01"]
[Round "5.7"]
[White "Eichler, Gottfried"]
[Black "Weinwurm, Wolfgang"]
[Result "1/2-1/2"]
[WhiteElo "2024"]
[BlackElo "2185"]
[PlyCount "27"]
[EventDate "2016.02.26"]
[EventType "swiss"]
[EventCountry "GER"]
[WhiteTeam "Dannenberg MTV"]
[BlackTeam "AUT"]
[WhiteTeamCountry "GER"]
[BlackTeamCountry "AUT"]

1. f4 g6 2. Nf3 d6 3. e3 Bg7 4. d4 Nf6 5. Bd3 O-O 6. O-O Nbd7 7. Nbd2 e5 8.
fxe5 dxe5 9. c3 exd4 10. exd4 c5 11. Nb3 cxd4 12. Nbxd4 Qb6 13. Kh1 Ng4 14. Be2
1/2-1/2

[Event "Woerishofen sen 2016"]
[Site "Bad Woerishofen"]
[Date "2016.03.01"]
[Round "5.8"]
[White "Krieger, Hermann"]
[Black "Waltenberger, Udo"]
[Result "1/2-1/2"]
[WhiteElo "2172"]
[BlackElo "2026"]
[PlyCount "112"]
[EventDate "2016.02.26"]
[EventType "swiss"]
[EventCountry "GER"]
[WhiteTeam "Ludwigshafen SK"]
[BlackTeam "Reichenbrand SV Eiche"]
[WhiteTeamCountry "GER"]
[BlackTeamCountry "GER"]

1. e4 c5 2. Nf3 Nc6 3. d4 cxd4 4. Nxd4 g6 5. c4 Nf6 6. Nc3 d6 7. Be2 Nxd4 8.
Qxd4 Bg7 9. Be3 O-O 10. Qd2 Be6 11. O-O Qa5 12. f3 Rfc8 13. Nd5 Qxd2 14. Bxd2
Nxd5 15. exd5 Bd7 16. Be3 b6 17. Bc1 Bd4+ 18. Kh1 e5 19. Rd1 Rc7 20. g4 Rac8
21. Rb1 a6 22. b3 b5 23. Bd2 f5 24. h3 Rb7 25. Rbc1 b4 26. Bg5 Bc5 27. Rc2 a5
28. Bd3 f4 29. Bh4 a4 30. Bf2 axb3 31. axb3 Ra7 32. Kg2 Ra3 33. Rb2 Bxf2 34.
Kxf2 Rc5 35. Bb1 Kf7 36. Ke2 Ke7 37. Rh1 Be8 38. h4 h6 39. Rg1 Kd8 40. Rd1 Kc7
41. Kf2 Kb6 42. Ke2 Rc8 43. Rd3 Kc5 44. Kd1 Bf7 45. Rdd2 Rh8 46. Kc1 Raa8 47.
Re2 g5 48. h5 Ra3 49. Red2 Rha8 50. Kd1 R8a7 51. Ke2 Bg8 52. Bf5 Bh7 53. Bxh7
Rxh7 54. Kd3 Rha7 55. Ke4 Rf7 56. Rb1 Rf8 1/2-1/2

[Event "Woerishofen sen 2016"]
[Site "Bad Woerishofen"]
[Date "2016.03.01"]
[Round "5.9"]
[White "Neese, Hans Joachim"]
[Black "Vonach, Bernhard"]
[Result "1-0"]
[WhiteElo "2159"]
[BlackElo "1999"]
[PlyCount "67"]
[EventDate "2016.02.26"]
[EventType "swiss"]
[EventCountry "GER"]
[WhiteTeam "Hennef SV"]
[BlackTeam "Windach SF"]
[WhiteTeamCountry "GER"]
[BlackTeamCountry "GER"]

1. d4 c5 2. d5 Nf6 3. c4 b5 4. cxb5 a6 5. e3 d6 6. Nc3 g6 7. Nf3 Bg7 8. Be2 O-O
9. O-O Nbd7 10. a4 Ne8 11. Qc2 Nc7 12. Rd1 axb5 13. Nxb5 Nxb5 14. Bxb5 Ba6 15.
Bc6 Ra7 16. Rb1 Qc7 17. b4 cxb4 18. Rxb4 Nb8 19. Bb2 Nxc6 20. dxc6 e5 21. Rc1
d5 22. Qc5 Rd8 23. Bxe5 Bf8 24. Bxc7 Bxc5 25. Rxc5 Rxc7 26. Nd4 Kf8 27. Rb6 Bc4
28. Rb7 Rdc8 29. Rxc7 Rxc7 30. Nb5 Rc8 31. c7 Bxb5 32. axb5 Ke7 33. b6 Kd7 34.
Rxd5+ 1-0

[Event "Woerishofen sen 2016"]
[Site "Bad Woerishofen"]
[Date "2016.03.01"]
[Round "5.10"]
[White "Zunker, Reinhard"]
[Black "Rumsey, Victor B"]
[Result "1/2-1/2"]
[WhiteElo "2153"]
[BlackElo "1864"]
[PlyCount "47"]
[EventDate "2016.02.26"]
[EventType "swiss"]
[EventCountry "GER"]
[WhiteTeam "Hofheim SV"]
[BlackTeam "ENG"]
[WhiteTeamCountry "GER"]
[BlackTeamCountry "ENG"]

1. e4 e5 2. Nf3 Nc6 3. c3 Nf6 4. d4 exd4 5. e5 Nd5 6. cxd4 d6 7. Bb5 a6 8. Ba4
Nb6 9. Bb3 Be7 10. O-O O-O 11. h3 dxe5 12. dxe5 Qxd1 13. Rxd1 Be6 14. Bxe6 fxe6
15. Nc3 h6 16. Ne2 Rad8 17. Bd2 Nd5 18. Ned4 Nxd4 19. Nxd4 Kf7 20. Rac1 c6 21.
g3 Rfe8 22. a3 c5 23. Ne2 Nb6 24. Ba5 1/2-1/2

[Event "Woerishofen sen 2016"]
[Site "Bad Woerishofen"]
[Date "2016.03.01"]
[Round "5.11"]
[White "Lang, Ferdinand"]
[Black "Gerl, Hans"]
[Result "1/2-1/2"]
[WhiteElo "2097"]
[BlackElo "1951"]
[PlyCount "56"]
[EventDate "2016.02.26"]
[EventType "swiss"]
[EventCountry "GER"]
[WhiteTeam "Willsbach TSV"]
[BlackTeam "Zirndorf SK"]
[WhiteTeamCountry "GER"]
[BlackTeamCountry "GER"]

1. e4 c5 2. Nc3 Nc6 3. f4 g6 4. Nf3 Bg7 5. Bc4 d6 6. O-O e6 7. d3 Nge7 8. Qe1
O-O 9. Bd2 a6 10. a3 b5 11. Ba2 Nd4 12. Rc1 Bb7 13. Nd1 Nxf3+ 14. Rxf3 d5 15.
e5 d4 16. Rf1 Qc7 17. Nf2 Rfd8 18. Ba5 Qc6 19. Ne4 Rd7 20. Qe2 Rf8 21. c3 c4
22. Nf6+ Bxf6 23. exf6 cxd3 24. Qd2 Nf5 25. Rf2 Qe4 26. Re1 Qc6 27. Rc1 Qe4 28.
Re1 Qc6 1/2-1/2

[Event "Woerishofen sen 2016"]
[Site "Bad Woerishofen"]
[Date "2016.03.01"]
[Round "5.13"]
[White "Aigner, Georg"]
[Black "Hohler, Peter"]
[Result "0-1"]
[WhiteElo "1932"]
[BlackElo "2138"]
[PlyCount "80"]
[EventDate "2016.02.26"]
[EventType "swiss"]
[EventCountry "GER"]
[WhiteTeam "Taufkirchen SC"]
[BlackTeam "SUI"]
[WhiteTeamCountry "GER"]
[BlackTeamCountry "SUI"]

1. e4 e5 2. Nf3 Nc6 3. Bc4 Bc5 4. b4 Bxb4 5. c3 Be7 6. d4 Na5 7. Bxf7+ Kxf7 8.
Nxe5+ Kf8 9. Qh5 Qe8 10. Qf5+ Nf6 11. Ng4 Qh5 12. Qxh5 Nxh5 13. Ne3 d6 14. Nd5
Bd8 15. e5 dxe5 16. dxe5 Be6 17. Nb4 g5 18. O-O Nc4 19. Nd2 Nxd2 20. Bxd2 Be7
21. Nc2 c5 22. a4 Rd8 23. Be3 Nf4 24. Rfe1 Nd5 25. Bd2 Nb6 26. Bc1 Nc4 27. f4
gxf4 28. Bxf4 Kg7 29. Ne3 Rhf8 30. g3 Nxe3 31. Rxe3 c4 32. Ree1 Bc5+ 33. Kf1
Bh3+ 34. Ke2 Bg4+ 35. Kf1 Rd2 36. Reb1 b6 37. Ke1 Rxh2 38. Kf1 Rf2+ 39. Ke1 Rd8
40. a5 Rg2 0-1

[Event "Woerishofen sen 2016"]
[Site "Bad Woerishofen"]
[Date "2016.03.01"]
[Round "5.14"]
[White "Zschorsch, Peter"]
[Black "Maes, Valery"]
[Result "1/2-1/2"]
[WhiteElo "1941"]
[BlackElo "2110"]
[PlyCount "25"]
[EventDate "2016.02.26"]
[EventType "swiss"]
[EventCountry "GER"]
[WhiteTeam "Karlsruher SF"]
[BlackTeam "Krefelder SK Turm"]
[WhiteTeamCountry "GER"]
[BlackTeamCountry "GER"]

1. e4 e6 2. d4 d5 3. Nd2 c5 4. exd5 exd5 5. dxc5 Bxc5 6. Ngf3 Nf6 7. Bb5+ Nc6
8. Qe2+ Be7 9. Ne5 Bd7 10. Nxd7 Qxd7 11. O-O O-O 12. Nf3 Bd6 13. Bxc6 1/2-1/2

[Event "Woerishofen sen 2016"]
[Site "Bad Woerishofen"]
[Date "2016.03.01"]
[Round "5.15"]
[White "Klein, Klaus"]
[Black "Born, Bernd Ludger"]
[Result "1-0"]
[WhiteElo "1949"]
[BlackElo "2105"]
[PlyCount "105"]
[EventDate "2016.02.26"]
[EventType "swiss"]
[EventCountry "GER"]
[WhiteTeam "Heidelberg SF"]
[BlackTeam "Pfullingen SF"]
[WhiteTeamCountry "GER"]
[BlackTeamCountry "GER"]

1. e4 c5 2. Nf3 d6 3. d4 cxd4 4. Qxd4 a6 5. c4 Nc6 6. Qd2 Nf6 7. Nc3 g6 8. b3
Bg7 9. Bb2 O-O 10. h3 Qa5 11. Nd5 Qxd2+ 12. Nxd2 Nxd5 13. Bxg7 Kxg7 14. cxd5
Nb4 15. Kd1 a5 16. a3 Na6 17. Bxa6 Rxa6 18. Rc1 e6 19. Nc4 exd5 20. exd5 b5 21.
Ne3 Bb7 22. Rc7 Rb6 23. Kd2 Re8 24. Kd3 g5 25. Kd4 Kg6 26. g4 Kf6 27. Rhc1 Ba6
28. b4 axb4 29. axb4 Bb7 30. Ra1 Re7 31. Rxe7 Kxe7 32. Ra7 Kd8 33. Nf5 Kc7 34.
Nh6 Kb8 35. Ra3 f6 36. Ng8 Bc8 37. Nxf6 Rb7 38. Ne4 Kc7 39. Nxg5 Kd8 40. Ne4
Ke7 41. f4 h5 42. f5 hxg4 43. hxg4 Rc7 44. Rc3 Rxc3 45. Nxc3 Bd7 46. Ke4 Be8
47. Kf4 Bf7 48. g5 Be8 49. g6 Bd7 50. Kg5 Be8 51. f6+ Kf8 52. f7 Kg7 53. fxe8=B
1-0